Plus grandes villes du monde par lettre - H - Statistiques

Statistiques générales
  • Ce quiz a été pris 302 fois
  • Le résultat moyen est 6 sur 14
Statistiques - réponses
Pays Population Ville % Correct
Allemagne 3.174 Mio Hambourg
89%
Viêt Nam 7.588 Mio Hanoï
89%
Viêt Nam 13.649 Mio Hô-Chi-Minh-Ville
73%
États-Unis 7.253 Mio Houston
68%
Zimbabwé 3.465 Mio Hararé
65%
Chine 7.375 Mio Hong Kong
54%
Japon 1.883 Mio Hiroshima
51%
Inde 14.731 Mio Hyderabad
39%
Pakistan 3.193 Mio Hyderâbâd
39%
Chine 10.018 Mio Hangzhou
26%
Chine 5.282 Mio Harbin
13%
Chine 3.865 Mio Hefei
11%
Viêt Nam 2.104 Mio Haïphong
7%
Chine 1.481 Mio Huainan
3%
Aucun quiz correspondant
Distribution des résultats
% des personnes avec chaque résultat
Percentile par nombre de réponses
Votre historique - résultats
Vous n’avez pas pris ce quiz